MDQL
is popping MORE tags! Check the
thread
!
Quizzes
Events
Quiz Creation
Community
Videos
Private Events
Remove Ads
Sign In
Join for FREE
Feedback
Dark Mode
Quiz Categories
Sports
Geography
Music
Movies
Television
Just For Fun
Miscellaneous
History
Literature
Language
Science
Gaming
Entertainment
Religion
Holiday
For Kids
Quiz Lab
Recent
Popular Today
Quiz Kudos Today
Editor Picks
Curator Picks
Quizzes by...
Day
Popularity
Type
Ratings
Length
Year
Community
Subscriptions
Recent Discussions
Orange Saloon
Badges
Playlists
Quests
Create
Leaderboards
Showdown
Live 5
Trivia Bingo
Activity
Puzzle Library
Sporcle Events
Private Events
Virtual Trivia
Globe League
Become a Host
Pub Owners
SporcleCon
Opinionation
Our Games
Videos
Blog
Mobile Apps
Partnerships
Remove Ads and Go Orange
Feedback
Music
Pop Music
The Beatles
Song
Album
Lyrics
Bands
Singers
Artist
Clip
Rock
Rap
Classical
Billboard
Country Music
Kpop
Taylor Swift
Music
Pop Music
The Beatles
Song
Album
Lyrics
Bands
Singers
Artist
Clip
Rock
Rap
Classical
Billboard
Country Music
Kpop
Taylor Swift
Random Quiz
Search Sporcle
×
Curator Pick
Curator Pick
Music
Kpop
Type answers based on single images at one time
Type answers based on single images at one time
Slideshow
Best Score? Go Orange.
Kpop Dance By GIF Stats
Can you name the kpop dance by the GIF?
By
AnimeKpop1031
10m
30 Questions
3,682 Plays
3,682 Plays
3,682 Plays
Comments
Comments
Give Quiz Kudos
Give Quiz Kudos
-
- Ratings
hide this ad
No Peeking
Image is hidden before quiz starts
Image is hidden before quiz starts
Replay
Link that replays current quiz
Next Quiz
Link to next quiz in quiz playlist
You Got
0%
They Got
Avg Score
35%
Avg Friend Score
Upgrade to see
Score Distribution
Jump to the score distribution portion of the page
Score
0/30
Timer
10:00
0
Plays Today
% Correct
Ring Ding Dong- SHINee
93.7%
Beautiful- Monsta X
64.2%
I Got A Boy- SNSD
61.3%
Blood Sweat & Tears- BTS
60.8%
Love Me Right- EXO
58.2%
Red- Hyuna
56.3%
Hobgoblin- CLC
56%
Hard Carry- Got7
44.4%
Red Light- F(x)
42.5%
L.I.E.- EXID
41.5%
Fire Truck- NCT 127
41.4%
Glass Bead- Gfriend
39.1%
Mansae- Seventeen
36.9%
Chase Me- Dreamcatcher
35.5%
Knock- KNK
35.4%
% Correct
Fanfare- Sf9
35.1%
Closer- Oh My Girl
34.7%
Expect- Girl's Day
34.3%
Devil- Super Junior
33.8%
That's My Jam- B.A.P
27.9%
Might Just Die- History
23.8%
YOLO- Madtown
20.4%
Can You Feel It- Pentagon
18.8%
Arario- Topp Dogg
18.7%
I'm Ill- Hello Venus
16.7%
Love Song- Miss A
15.6%
Demonstrate- Rania
11.1%
Echo- Seven O'Clock (SOC)
10.7%
Rock The World- Xia
6.9%
Attention- Wanna.b
2.8%
Quiz Playlist
Details
Report
Send in Message
Add To Playlist
Slideshow:
Type answers based on single images at one time
No Peeking:
Image is hidden before quiz starts
Last Updated: Aug 19, 2017
Curator Pick in
Kpop
Quiz Scoreboard
CHALLENGE
Sign Up to Join the Scoreboard
Show All
Scores
Hide
Comments
May contain spoilers
Recently Published
Two Season TV Shows II
by 123Four
Television
10m
Image Sorting: Flags VI
by Barbecue
Geography
2m
Find the 'City' Movie
by crazypaving
Movies
60s
More to Explore
Quiz From the Vault
Featured Blog Post
14 Easter Pick-up Lines to Find Eggs With
hide this ad
You Might Also Like...
Tags
Kpop Quiz
Kpop Quiz
Today's Top Quizzes in Music
Browse Music
hide this ad
Today's Top Quizzes in Kpop
Browse Kpop
Top Contributed Quizzes in Music
1
5X2 Blitz: Bands II
2
5X2 Blitz: The Beatles
3
Taylor Swift All Songs (2024)
4
5X2 Blitz: Billboard
5
5X2 Blitz: Billboard II
6
5X2 Blitz: Album
7
5X2 Blitz: Singers
8
5X2 Blitz: Rock
9
Music Artist by Three 2010s hits
10
5X2 Blitz: Lyrics
Explore More
Trending Topics
Marvel
Harry Potter
Kpop
Crossword
NBA
Disney
Anime
NFL
Puzzle
Country
The Office
WWE
Pokémon
Soccer
Song
hide this ad
More By:
AnimeKpop1031
Quiz
Plays
Rating
Category
Featured
Created
Kpop Dance by GIF [Pt.2]
890
4.00
Music
Jun 10, 2017
Kpop Murder Mystery Logic Quiz
5,392
4.23
Music
Jun 1, 2017
Name 300 Kpop Idols
4,861
4.92
Music
Aug 12, 2017
Kpop Dance By GIF
3,682
4.27
Music
Apr 15, 2017
Kpop Group Fandom Names
3,235
4.70
Music
Jun 10, 2017
BTS Song By Dance
2,709
3.67
Music
Apr 28, 2017
Go to Creator's Profile
Score Distribution
Quiz Creator Spotlight
AnimeKpop1031
Follow
Send a Message
Quizzes Created
-
Created Quiz Play Count
-
More By This Creator
Popular Quizzes Today
1
Find the US States - No Outlines Minefield
2
Colored Red Africa Blitz
3
Find the 'City' Movie
4
5x2 Blitz: Bands
5
The Countries of the World
6
Find the Countries of Europe - No Outlines Minefield
7
Find the US States
8
US States
More Music Quizzes
Band Name by Definition
Published
Trending Quizzes
Colored Red Europe Blitz I
Colored Red Africa Blitz II
Colored Red Europe Blitz II
Colored Red Europe Blitz III
Colored Red Africa Blitz III
Recently Updated
How Do You Spell That?
pecheneg
Godzilla Movies
pecheneg
Grab Bag: 4-10 Letters
pecheneg
2024 March Madness Bracket
pecheneg
Famous TV Couples
Peacemaker
Champions League XIs: Real Madrid
pecheneg
Largest US Cities 1790-2010
pecheneg
Rides in Walt Disney World
pecheneg
Most Oscar Losses (Acting)
pecheneg
Beyoncé Albums
pecheneg
Trending Topics
Disney
NBA
Anime
Kpop
Crossword
Marvel
Harry Potter
Country
The Office
Pokémon
WWE
Song
NFL
Puzzle
Soccer
Your Account Isn't Verified!
In order to create a playlist on Sporcle, you need to verify the email address you used during registration. Go to your
Sporcle Settings
to finish the process.
Report this User
Report this user for behavior that violates our
Community Guidelines
.
Details:
Send Report
Go to the Sporcle.com Mobile Site →
Comments